| 000 | 00720nam a2200193Ia 4500 | ||
|---|---|---|---|
| 003 | GCL | ||
| 008 | 140319s9999 xx 000 0 ara d | ||
| 040 |
_aGCL / _cGCL |
||
| 082 | 0 | 4 |
_aق _b723.3 _bك ع |
| 100 | 1 | _aكريزويل، ك0 ا0س0 | |
| 245 | 1 | 0 |
_aالعمارة الاسلامية فى مصر ( الاخشيديون والفاطميون 939 - 1171 م ) / _cكريزويل، ك0 ا0س0 |
| 260 |
_aالقاهرة : _bمكتبة زهراء الشرق ، _c2004 |
||
| 300 |
_a435 ص ؛ _c32 سم |
||
| 650 | 0 | 4 | _aالعمارة الاسلامية |
| 650 | 0 | 4 | _aالعمارة المصرية |
| 650 | 0 | 4 | _aالحضارة المصرية |
| 650 | 0 | 4 | _aالعمارة الاسلامية - مصر |
| 942 |
_2ddc _cBK |
||
| 999 |
_c7145 _d7145 |
||